V čase neistoty dividenda poteší dividendu nevyplácajú len akcie

Rozdiel medzi akciovou dividendou a dividendou v poňatí podielových fondov. Dôvody, pre ktoré spoločnosti a podielové fondy vyplácajú dividendy a dôsledky, ktoré z toho plynú. Technika vyplácania dividend pri akciách a podielových fondoch. Dividenda verzus kapitálový výnos.

Enregistré dans:
Détails bibliographiques
Auteur principal: Ravinger, Vladimír
Format: Chapitre de livre
Langue:slovaque
Sujets:
Tags: Ajouter un tag
Pas de tags, Soyez le premier à ajouter un tag!

MARC

LEADER 00000naa$a2200000$$$4500
001 0026597
005 20231019082611.9
041 0 |a slo 
044 |a SK 
245 1 0 |a V čase neistoty dividenda poteší  |b dividendu nevyplácajú len akcie  |c Vladimír Ravinger 
520 |a Rozdiel medzi akciovou dividendou a dividendou v poňatí podielových fondov. Dôvody, pre ktoré spoločnosti a podielové fondy vyplácajú dividendy a dôsledky, ktoré z toho plynú. Technika vyplácania dividend pri akciách a podielových fondoch. Dividenda verzus kapitálový výnos. 
610 2 0 |a fondy podielové 
610 2 0 |a dividendy 
610 2 0 |a akcie 
610 2 0 |a spoločnosti akciové 
610 2 0 |a výnosy 
610 2 0 |a papiere cenné 
610 2 0 |a podiely na zisku 
100 1 |a Ravinger, Vladimír